000 002660000a22000970004500
100 1 _aZirena, Gladis
245 1 0 _aLoving the children : LAM Programs
300 _aVol. 84, Num. 1 (Marzo-Junio, 2004), Páginas 10-11
773 0 _tLatin America Evangelist
942 _cANA
999 _c55188
_d55188